00830nam a2200193Ia 4500003000900000008004100009020003000050022002200080022002300102040001600125100002600141245007500167260013300242300002000375490002700395700002900422700002200451856016300473IN-BaIIA211028s9999 xx s 000 0 eng d a978-0-521-76602-9 (Print) a1743-9213 (Print) a1743-9221 (Online) cIIA Library aCarignan, Claude, ed. 0aTracing the Ancestry of Galaxies:On the land of our ancestorsh[eBook] aCambridge bCambridge University Press c2011 aOnline resource aIAU Symposium; no. 277 aCombes, Françoise, ed. aFreeman, Ken, ed. uhttps://www.cambridge.org/core/journals/proceedings-of-the-international-astronomical-union/issue/21CEBEEE282213DB240C60517329C950yClick Here to Access eBook